Európska zahraničná politika - politika 21.storočia?
Požiadavky prehĺbenia integračných procesov v Európe. Otázka strategických partnerstiev Európy s USA a Ruskom. Etapy spoločnej európskej zahraničnej politiky. Hlavné osobnosti usilujúce o koordináciu zahraničnej politiky Európy. Postavenie Európy vo svetovom systéme. Nárast významu medzinárodných or...
Salvato in:
| Autore principale: | |
|---|---|
| Natura: | Capitolo di libro |
| Lingua: | slovacco |
| Soggetti: | |
| Tags: |
Nessun Tag, puoi essere il primo ad aggiungerne!!
|
MARC
| LEADER | 00000naa$a2200000$$$4500 | ||
|---|---|---|---|
| 001 | 0034244 | ||
| 005 | 20231107111429.1 | ||
| 041 | 0 | |a slo | |
| 044 | |a SK | ||
| 245 | 1 | 0 | |a Európska zahraničná politika - politika 21.storočia? |c Tito Ľudovít |
| 520 | |a Požiadavky prehĺbenia integračných procesov v Európe. Otázka strategických partnerstiev Európy s USA a Ruskom. Etapy spoločnej európskej zahraničnej politiky. Hlavné osobnosti usilujúce o koordináciu zahraničnej politiky Európy. Postavenie Európy vo svetovom systéme. Nárast významu medzinárodných organizácií. | ||
| 610 | 2 | 0 | |a politika medzinárodná |
| 610 | 2 | 0 | |a politika zahraničná |
| 610 | 2 | 0 | |a Európska únia |
| 610 | 2 | 0 | |a integrácia |
| 610 | 2 | 0 | |a vývoj politický |
| 610 | 2 | 0 | |a systémy politické |
| 610 | 2 | 0 | |a história |
| 610 | 2 | 0 | |a politológia |
| 610 | 2 | 0 | |a Európa |
| 100 | 1 | |a Tito, Ľudovít | |